Anestéziológia a intenzívna medicína časopis Slovenskej spoločnosti anestéziológie a intenzívnej medicíny

Bibliographic Details
Other Authors: Galková, Katarína, 1965- (Publishing director)
Format: Journal
Language:Slovak
PhysicalDescription:zv. grafy, obr., tab. 30 cm
Má online vydanie: Anestéziológia a intenzívna medicína (Online) = ISSN 1339-4177
Published: Bratislava Solen 2012-
ISSN:1339-0155
1339-4177
Subjects:
Online Access:http://www.aimcasopis.sk/
http://www.solen.sk/

MARC

LEADER 00000cas a2200000 a 4500
001 vtls010486063
003 SK-MaSNL
005 20260228161202.0
008 180409c20129999xo fr p 0 b0slo
022 |a 1339-0155 
040 |a SVKPO  |b slo  |d SVKBB  |d SNK  |e AACR2 
041 0 |a slo  |b slo  |b eng 
044 |a xo  |c SK 
072 7 |a 616  |x Patológia. Klinická medicína  |2 konspekt 
080 |a 616-089.5  |2 2011 
080 |a 616-083.98  |2 2011 
080 |a 050  |2 2011 
080 |a (051)-027.561  |2 2011 
210 0 |a Anestéziol. intenzív. med.  |b (Tlačené vyd.) 
222 0 |a Anestéziológia a intenzívna medicína  |b (Tlačené vydanie) 
245 0 0 |a Anestéziológia a intenzívna medicína  |b časopis Slovenskej spoločnosti anestéziológie a intenzívnej medicíny 
246 1 3 |a AIM 
260 |a Bratislava  |b Solen  |c 2012- 
300 |a zv.  |b grafy, obr., tab.  |c 30 cm 
310 |a 2x ročne 
362 0 |a Roč. 1, č. 1 (2012)- 
500 |a Šéfred.: 1/2012-, Katarína Galková 
500 |a Evidenčné číslo: EV 4715/12 
500 |a Časopis je indexovaný v Bibliographia Medica Slovaca (BMS) 
504 |a Bibliogr. 
515 |a V r. 2012 a 2020 vyšlo len jedno číslo 
530 |a Má online vydanie: Anestéziológia a intenzívna medicína (Online) = ISSN 1339-4177 
546 |a Res. slov., angl. 
650 0 7 |a anestéziológia  |2 SNKPH  |9 2179 
650 0 7 |a intenzívna medicína  |2 SNKPH  |9 3511 
655 7 |a odborné časopisy  |2 SNKPH  |9 70505 
700 1 |a Galková, Katarína,  |d 1965-  |4 pbd  |9 174550 
710 2 |a Slovenská spoločnosť anesteziológie a intenzívnej medicíny  |4 pbl  |9 268155 
770 0 |t Anestéziológia a intenzívna medicína. Suplement  |x 2453-8485  |w vtls011572647 
776 0 |t Anestéziológia a intenzívna medicína (Online)  |x 1339-4177 
852 |a Štátna vedecká knižnica v Banskej Bystrici 
856 4 1 |u http://www.aimcasopis.sk/ 
856 4 1 |u http://www.solen.sk/ 
910 |a snk 
916 |a 2012-2015, 2016, 2017-2018, 2019, 2020-2021 
999 |c 4599  |d 6529 
952 |0 0  |1 0  |4 0  |7 0  |8 0  |a SNK  |b SNK  |d 2022-02-09  |i snk2022/2150  |l 0  |o snkČSB 6213/8/2019 D1  |p 17A1462078  |r 2026-02-21 19:53:22  |t č. 1-2  |w 2026-02-21  |y PREZ 
952 |0 0  |1 0  |4 0  |7 0  |8 0  |a SNK  |b SNK  |d 2022-09-05  |f 1  |i snk2022/13255  |l 0  |o snkČSB 6213/9/2020  |p 17A1463925  |r 2026-02-21 20:01:05  |t č. 1  |w 2026-02-21  |y PREZ 
952 |0 0  |1 0  |4 0  |7 0  |8 0  |a SNK  |b SNK  |d 2022-09-05  |f 1  |i snk2022/13256  |l 0  |o snkČSB 6213/10/2021  |p 17A1463926  |r 2026-02-21 20:01:05  |t č. 1-2  |w 2026-02-21  |y PREZ 
952 |0 0  |1 0  |4 0  |7 0  |8 0  |a SNK  |b SNK  |d 2021-06-09  |f 1  |i snk2021/6671  |l 0  |o snkČSB 6213/8/2019  |p 17A1433918  |r 2026-02-21 21:21:13  |t č. 1-2  |w 2026-02-21  |y PREZ 
952 |0 0  |1 0  |4 0  |7 0  |8 0  |a SNK  |b SNK  |d 2017-01-26  |f 1  |i snk2017/2292  |l 0  |o snkČSB 6213/5/2016  |p 17A1204541  |r 2026-02-21 21:48:10  |t č. 1-2   |w 2026-02-21  |y PREZ 
952 |0 0  |1 0  |4 0  |7 0  |8 0  |a SNK  |b SNK  |d 2017-10-05  |i snk2017/21503  |l 0  |o snkČSB 6213/4/2015 D1  |p 17A1264888  |r 2026-02-21 21:56:34  |t č. 1-2  |w 2026-02-21  |y PREZ 
952 |0 0  |1 0  |4 0  |7 0  |8 0  |a SNK  |b SNK  |d 2016-08-17  |f 1  |i snk2016/19485  |l 0  |o snkČSB 6213/1/2012  |p 17A1034518  |r 2026-02-21 22:03:15  |t č. 1  |w 2026-02-21  |y PREZ 
952 |0 0  |1 0  |4 0  |7 0  |8 0  |a SNK  |b SNK  |d 2016-08-17  |i snk2016/19488  |l 0  |o snkČSB 6213/1/2012 D1  |p 17A1034519  |r 2026-02-21 22:03:15  |t č. 1  |w 2026-02-21  |y PREZ 
952 |0 0  |1 0  |4 0  |7 0  |8 0  |a SNK  |b SNK  |d 2016-08-17  |f 1  |i snk2016/19489  |l 0  |o snkČSB 6213/2/2013  |p 17A1034520  |r 2026-02-21 22:03:15  |t č. 1-2  |w 2026-02-21  |y PREZ 
952 |0 0  |1 0  |4 0  |7 0  |8 0  |a SNK  |b SNK  |d 2016-08-17  |i snk2016/19490  |l 0  |o snkČSB 6213/2/2013 D1  |p 17A1034521  |r 2026-02-21 22:03:15  |t č. 1-2  |w 2026-02-21  |y PREZ 
952 |0 0  |1 0  |4 0  |7 0  |8 0  |a SNK  |b SNK  |d 2016-08-17  |f 1  |i snk2016/19491  |l 0  |o snkČSB 6213/3/2014  |p 17A1034522  |r 2026-02-21 22:03:15  |t č. 1-2  |w 2026-02-21  |y PREZ 
952 |0 0  |1 0  |4 0  |7 0  |8 0  |a SNK  |b SNK  |d 2016-08-17  |i snk2016/19494  |l 0  |o snkČSB 6213/3/2014 D1  |p 17A1034523  |r 2026-02-21 22:03:16  |t č. 1-2  |w 2026-02-21  |y PREZ 
952 |0 0  |1 0  |4 0  |7 0  |8 0  |a SNK  |b SNK  |d 2016-08-17  |f 1  |i snk2016/19495  |l 0  |o snkČSB 6213/4/2015  |p 17A1034524  |r 2026-02-21 22:03:16  |t č. 1-2  |w 2026-02-21  |y PREZ 
952 |0 0  |1 0  |4 0  |7 0  |8 0  |a SNK  |b SNK  |d 2019-09-02  |i snk2019/21810  |l 0  |o snkČSB 6213/5/2016 D1  |p 17A1369847  |r 2026-02-21 22:29:11  |t č. 1-2 + S1  |w 2026-02-21  |y PREZ  |z S1 obsahuje odborný program a abstrakty kongresu: XXIV. Slovenské dialógy o bolesti, 10.-11. júna 2016, Bojnice 
952 |0 0  |1 0  |4 0  |7 0  |8 0  |a SNK  |b SNK  |d 2019-09-02  |f 1  |i snk2019/21816  |l 0  |o snkČSB 6213/6/2017  |p 17A1369846  |r 2026-02-21 22:29:11  |t č. 1-2   |w 2026-02-21  |y PREZ 
952 |0 0  |1 0  |4 0  |7 0  |8 0  |a SNK  |b SNK  |d 2019-09-02  |i snk2019/21818  |l 0  |o snkČSB 6213/6/2017 D1  |p 17A1369845  |r 2026-02-21 22:29:11  |t č. 1-2  |w 2026-02-21  |y PREZ 
952 |0 0  |1 0  |4 0  |7 0  |8 0  |a SNK  |b SNK  |d 2019-09-02  |f 1  |i snk2019/21820  |l 0  |o snkČSB 6213/7/2018  |p 17A1369844  |r 2026-02-21 22:29:11  |t č. 1-2 + príl.  |w 2026-02-21  |y PREZ  |z Príl.: Vybavenie a prevádzkovanie ambulancie 
952 |0 0  |1 0  |4 0  |7 0  |8 0  |a SNK  |b SNK  |d 2019-09-02  |i snk2019/21822  |l 0  |o snkČSB 6213/7/2018 D1  |p 17A1369843  |r 2026-02-21 22:29:12  |t č. 1-2, neúplné  |w 2026-02-21  |y PREZ  |z Chýba príl.